000 01057nam0a22002771 4500
001 rc\2780204
005 20250806205930.0
035 _a(NLR Aleph) 006906442
090 _a33634
_c33634
100 _a20110915d1942 u y0rusy50 ca
101 0 _arus
102 _aRU
105 _ay z |||||
200 1 _aКак получить высокий урожай картофеля
_fСост. А. И. Тамман
_gПод ред. начальника плодо-овощного отд. Упр. агротехники и мелиорации НКЗ СССР Н. Е. Емельянова
210 _aМосква
_cСельхозгиз
_d1942
215 _a16 с.
_d14 см.
300 _aБез тит. л. и обл.
700 1 _aТамман
_bА.И.
_gАлексей Иванович
702 1 _aЕмельянов
_bН.Е.
_4340
801 0 _aRU
_bNLR
_gpsbo
801 1 _aRU
_bELAR
_2rusmarc
852 _aNLR
_jС50 Г-2/210
942 _cBOOK
945 _aРоссийская национальная библиотека
980 _aNB
980 _aBV